<?xml version="1.0" encoding="UTF-8"?><?xml-stylesheet type="text/xsl" href="static/style.xsl"?><OAI-PMH xmlns="http://www.openarchives.org/OAI/2.0/" xmlns:xsi="http://www.w3.org/2001/XMLSchema-instance" xsi:schemaLocation="http://www.openarchives.org/OAI/2.0/ http://www.openarchives.org/OAI/2.0/OAI-PMH.xsd"><responseDate>2026-06-06T01:43:00Z</responseDate><request verb="GetRecord" identifier="oai:riuma.uma.es:10630/25768" metadataPrefix="marc">https://riuma.uma.es/rest/oai/request</request><GetRecord><record><header><identifier>oai:riuma.uma.es:10630/25768</identifier><datestamp>2026-02-03T11:31:47Z</datestamp><setSpec>com_10630_2254</setSpec><setSpec>col_10630_37953</setSpec></header><metadata><record xmlns="http://www.loc.gov/MARC21/slim" xmlns:dcterms="http://purl.org/dc/terms/" xmlns:doc="http://www.lyncode.com/xoai" xmlns:xsi="http://www.w3.org/2001/XMLSchema-instance" xsi:schemaLocation="http://www.loc.gov/MARC21/slim http://www.loc.gov/standards/marcxml/schema/MARC21slim.xsd">
   <leader>00925njm 22002777a 4500</leader>
   <datafield ind2=" " ind1=" " tag="042">
      <subfield code="a">dc</subfield>
   </datafield>
   <datafield ind2=" " ind1=" " tag="720">
      <subfield code="a">Vida-Castro, Matilde Ángeles</subfield>
      <subfield code="e">author</subfield>
   </datafield>
   <datafield ind2=" " ind1=" " tag="260">
      <subfield code="c">2022-10-21</subfield>
   </datafield>
   <datafield ind2=" " ind1=" " tag="520">
      <subfield code="a">This paper examines linguistic, cognitive, and social factors in the development of an ongoing sound change in Andalusian Spanish related to the crosslinguistically well-known process of syllable coda lenition. The resyllabification of word internal /-s/ when followed by dental plosive /t/, in words such as lingüística [liŋ⋅ˈgujs⋅ti⋅ka] ‘linguistics’ realized as [liŋ⋅ˈguj⋅tsi⋅ka], results in an affricate sound [ts] that may be indexed in different ways within the speech community. Findings are reported from a trend study of two sample surveys separated by a twenty-year time gap, acoustic analysis, and two perception experiments. Acoustic phonetics, historical linguistics, theoretical phonology, and sociolinguistic studies provide the theoretical background to help explain the development of this sound change and its connection with other phonological features of Andalusian Spanish. Development of the affricate allophone is a natural outcome consistent with universal constraints boosted by the recent emergence of a regional koine, where its indexicality is undetermined.</subfield>
   </datafield>
   <datafield ind1="8" ind2=" " tag="024">
      <subfield code="a">Vida-Castro, M. (2022). On competing indexicalities in southern Peninsular Spanish. A sociophonetic and perceptual analysis of affricate [ts] through time. Language Variation and Change, 34(2), 137-163. doi:10.1017/S0954394522000084</subfield>
   </datafield>
   <datafield ind1="8" ind2=" " tag="024">
      <subfield code="a">https://hdl.handle.net/10630/25768</subfield>
   </datafield>
   <datafield ind1="8" ind2=" " tag="024">
      <subfield code="a">10.1017/S0954394522000084</subfield>
   </datafield>
   <datafield tag="653" ind2=" " ind1=" ">
      <subfield code="a">Español - Fonética - Andalucía</subfield>
   </datafield>
   <datafield tag="653" ind2=" " ind1=" ">
      <subfield code="a">Pragmática</subfield>
   </datafield>
   <datafield ind2="0" ind1="0" tag="245">
      <subfield code="a">On competing indexicalities in southern Peninsular Spanish. A sociophonetic and perceptual analysis of affricate [ts] through time.</subfield>
   </datafield>
</record>
</metadata></record></GetRecord></OAI-PMH>